000 00694nam a22002297a 4500
003 UA-OsUOA
001 31605
007 ta
008 20041224b un ||||| |||| 00| 0 ukr d
090 _a94(560)
_bЗ-32
942 _cBK
040 _aUA-OsUOA
_brus
_cUA-OsUOA
_dUA-OsUOA
245 _aЗаписки янычара
_bНаписаны Константином Михайловичем из Островицы
_cРед. З. В.Удальцова В. Д.Королюк А. И.Рогов
300 _a136 с.
_bІлюстрації
955 _a0
041 _arus
080 _a94(560)
260 _aМосква
_bНаука
_c1978
044 _aRU
650 7 _2UDC
999 _c318034
_d318034